000 00338 a2200145 4500
040 _aDLC
_bDLC
082 _a891.4391
100 _aWasi Shah
245 _aAnkhainy bheegh jati hay
_cWasi Shah
260 _aLahore
_bDuaa publication
300 _a128 p.
650 _aUrdu--poetry
700 _aWasi Shah
942 _cBK
_k891.4391 WAS
_2ddc
999 _c10744
_d10744